Introduction to biophysics / (رقم التسجيلة. 34450)

تفاصيل مارك
000 -الفاتح
حقل البيانات ثابتة الطول 00755nam a22002297a 4500
003 - محدد رقم الضبط
رقم الضبط OSt
005 - وقت وتاريخ اخر تعامل مع التسجيلة
رقم الضبط 20150408114213.0
008 - عناصر البيانات ثابتة الطول - معلومات عامة
حقل البيانات ثابتة الطول 140422s2011 ua a f b 000 0 eng d
020 ## - الرقم الدولى المعيارى للكتب
الرقم الدولى المعيارى للكتاب 9789772936698
040 ## - مصدر الفهرسة
وكالة الفهرسة الأصلية Ma-Un
082 04 - رقم تصنيف ديوى العشرى
رقم الطبعة 22
رقم التصنيف 571.4
رقم المادة TMI
100 1# - المدخل الرئيسى - إسم شخصى
الإسم الشخصى Talaat, Mona Salah Hassan
9 (RLIN) 44000
245 10 - بيان العنوان
العنوان Introduction to biophysics /
بيان المسئوليه,etc Mona Salah Hassan Talaat, abdelsattar Mahamed Sallam, el Sayed Mahmoud el Sayed.
250 ## - بيان الطبعة
بيان الطبعة 1st ed.
260 ## - PUBLICATION, DISTRIBUTION, ETC. (IMPRINT)
مكان الناشر او الموزع Cairo :
اسم الناشر او الموزع Maktabet al Dar al Arabia,
تاريخ النشر أو التوزيع 2011.
300 ## - الوصف المادى
التعداد 355 p. :
-- ill. ;
أبعاد الوعاء 24 cm.
504 ## - تبصرة ببليوجرافية
تبصرة ببليوجرافية,الخ includes bibliographical references and index.
650 ## - المدخل الاضافى بالموضوع-مصطلح موضوعى
مصطلح موضوعي أو اسم جغرافي كعنصر مدخل Biophysics
700 1# - المدخل الاضافى - اسم شخصى
الإسم الشخصى Sallam, abdel sattar mahamed
9 (RLIN) 44001
700 1# - المدخل الاضافى - اسم شخصى
الإسم الشخصى El sayed, el sayed mahmoud
9 (RLIN) 44002
942 ## - عناصر المدخل الإضافي( كوها)
مصدر التصنيف او مخطط الترفيف Dewey Decimal Classification
Koha [default] item type كتاب
المقتنيات
حالة الفقد نموذج السعر الفعال حالة تلف ليس للاعارة رقم الطلب رقم النسخة تاريخ الاكتساب مصدر التزويد الموقع الحالي الباركود الفرع الرئيسي Date last seen نوع المادة فى نظام كوها مصدر التصنيف او خطة الترفيف Total Checkouts
  2014-04-22   Not For Loan 571.4 TMI 1 2014-04-22 دار العرب المكتبة المركزية بالمجمعة (CL) 00207857 المكتبة المركزية بالمجمعة (CL) 2014-04-22 كتاب Dewey Decimal Classification  
  2014-04-22     571.4 TMI 2 2014-04-22 دار العرب المكتبة المركزية بالمجمعة (CL) 00207858 المكتبة المركزية بالمجمعة (CL) 2014-04-22 كتاب Dewey Decimal Classification  
  2014-04-22     571.4 TMI 3 2014-04-22 3 المكتبة المركزية بالمجمعة (CL) 00207859 المكتبة المركزية بالمجمعة (CL) 2014-04-22 كتاب Dewey Decimal Classification  
  2014-04-22   Not For Loan 571.4 TMI 1 2014-04-22 دار العرب مكتبة مجمع الكليات بالزلفى - طلاب (SZM) 00207860 مكتبة مجمع الكليات بالزلفى - طلاب (SZM) 2014-04-22 كتاب Dewey Decimal Classification  
  2014-04-22     571.4 TMI 2 2014-04-22 دار العرب مكتبة مجمع الكليات بالزلفى - طلاب (SZM) 00207861 مكتبة مجمع الكليات بالزلفى - طلاب (SZM) 2014-04-22 كتاب Dewey Decimal Classification